[Event "SC Postbauer-Heng e.V. 1-SC Erlangen 48/"]
[Site "?"]
[Date "2012.12.17"]
[Round "5.1"]
[White "Martin Fernandez, Rodrigo"]
[Black "Bauer, Andreas"]
[Result "1/2-1/2"]
[WhiteElo "2082"]
[BlackElo "2088"]
[PlyCount "84"]
[EventDate "2012.??.??"]
[WhiteTeam "SC Erlangen 48/88 e.V. 2"]
[BlackTeam "SC Postbauer-Heng e.V. 1"]

1. d4 d5 2. c4 Nc6 3. Nf3 Bg4 4. Nc3 e6 5. cxd5 Bxf3 6. exf3 exd5 7. Bb5 Bb4 8.
Qb3 Bxc3+ 9. bxc3 Nge7 10. O-O O-O 11. Ba3 Re8 12. Rfe1 Na5 13. Qb4 Nec6 14.
Bxc6 Nxc6 15. Qxb7 Qd7 16. Qb5 h6 17. Re3 Rab8 18. Qa4 Re6 19. Rae1 Rbe8 20.
Bc5 a5 21. Ba3 Kh7 22. Qb5 g6 23. Qd3 Ne7 24. Rxe6 fxe6 25. h4 Nf5 26. h5 gxh5
27. Bc1 Rg8 28. Bf4 Rg6 29. Kf1 Nd6 30. Rb1 Kg7 31. Be5+ Kf7 32. Rb8 Nc4 33.
Rf8+ Kxf8 34. Qxg6 Nxe5 35. dxe5 Qf7 36. Qxh6+ Ke7 37. Qg5+ Kd7 38. Kg1 c5 39.
Qe3 Kc6 40. Qd3 c4 41. Qe3 Qf5 42. f4 Kb5 1/2-1/2

[Event "SC Postbauer-Heng e.V. 1-SC Erlangen 48/"]
[Site "?"]
[Date "2012.12.17"]
[Round "5.2"]
[White "Röber, Jürgen"]
[Black "Walter, Thomas"]
[Result "1-0"]
[WhiteElo "2066"]
[BlackElo "2084"]
[PlyCount "83"]
[EventDate "2012.??.??"]
[WhiteTeam "SC Postbauer-Heng e.V. 1"]
[BlackTeam "SC Erlangen 48/88 e.V. 2"]

1. e4 c5 2. c3 g6 3. d4 cxd4 4. cxd4 d5 5. Nc3 dxe4 6. Bc4 Nc6 7. Qb3 Nh6 8.
Nge2 e5 9. Nxe4 Bb4+ 10. Kf1 Qh4 11. Bxh6 Qxh6 12. d5 O-O 13. dxc6 Bf5 14. cxb7
Rab8 15. Nf6+ Kg7 16. Qxb4 Kxf6 17. Rd1 Kg7 18. f3 Qh4 19. g3 Qf6 20. Kf2 Be4
21. Qa3 Bxb7 22. Rd6 Qf5 23. g4 Qg5 24. h4 Qh6 25. g5 Qh5 26. Ng3 Qxf3+ 27.
Qxf3 Bxf3 28. Kxf3 Rxb2 29. Ne4 Rc8 30. Bb3 Rc7 31. Rhd1 h5 32. Rd7 Rc8 33.
Rxf7+ Kh8 34. Rfd7 Rf8+ 35. Nf6 e4+ 36. Kxe4 Re8+ 37. Nxe8 Re2+ 38. Kf3 Rxe8
39. Rd8 Rxd8 40. Rxd8+ Kg7 41. Rd7+ Kh8 42. Ba4 1-0

[Event "SC Postbauer-Heng e.V. 1-SC Erlangen 48/"]
[Site "?"]
[Date "2012.12.17"]
[Round "5.3"]
[White "Götz, Andreas"]
[Black "Sippl, Martin"]
[Result "1-0"]
[WhiteElo "2037"]
[BlackElo "1989"]
[PlyCount "76"]
[EventDate "2012.??.??"]
[WhiteTeam "SC Erlangen 48/88 e.V. 2"]
[BlackTeam "SC Postbauer-Heng e.V. 1"]

1. e4 c5 2. Nf3 Nc6 3. Bc4 e6 4. O-O g6 5. c3 Bg7 6. d4 cxd4 7. cxd4 Nge7 8. d5
Ne5 9. Nxe5 Bxe5 10. Nc3 Qc7 11. Qe2 a6 12. Bg5 h6 13. Bxe7 Kxe7 14. g3 b5 15.
Bb3 Qb6 16. Rfd1 Kf8 17. a4 b4 18. a5 Qa7 19. Na4 Bd4 20. Qd2 e5 21. Qxb4+ Kg7
22. Qe7 Bxf2+ 23. Kg2 d6 24. Qxd6 Bd4 25. Nb6 Rd8 26. Qb4 Rb8 27. Rxd4 exd4 28.
Qxd4+ Kh7 29. d6 f5 30. Rc1 Rb7 31. Qf6 Re8 32. Rxc8 Rxc8 33. exf5 Rg7 34.
fxg6+ Rxg6 35. Qf5 Rc1 36. Bf7 Rc2+ 37. Kh3 Kg7 38. Qxg6+ Kf8 1-0

[Event "SC Postbauer-Heng e.V. 1-SC Erlangen 48/"]
[Site "?"]
[Date "2012.12.17"]
[Round "5.4"]
[White "Fischer, Erich"]
[Black "Nehls, Benedikt"]
[Result "1/2-1/2"]
[WhiteElo "1979"]
[BlackElo "1970"]
[PlyCount "52"]
[EventDate "2012.??.??"]
[WhiteTeam "SC Postbauer-Heng e.V. 1"]
[BlackTeam "SC Erlangen 48/88 e.V. 2"]

1. c4 b6 2. d4 Bb7 3. Nc3 Nf6 4. Bg5 e6 5. e3 Be7 6. Nf3 O-O 7. Bd3 h6 8. Bh4
d5 9. O-O Nbd7 10. Qe2 c5 11. Rac1 Rc8 12. Rfd1 Ne4 13. Bxe7 Qxe7 14. cxd5 exd5
15. dxc5 Nxc3 16. Rxc3 bxc5 17. Ba6 Nf6 18. Qb5 Bxa6 19. Qxa6 Rc7 20. Qa5 Ne4
21. Rc2 Rd7 22. Qa3 Qf6 23. b4 c4 24. Nd4 Qb6 25. f3 Nd6 26. Qb2 Rb8 1/2-1/2

[Event "SC Postbauer-Heng e.V. 1-SC Erlangen 48/"]
[Site "?"]
[Date "2012.12.17"]
[Round "5.5"]
[White "Petzold, Vinzenz"]
[Black "Grimm, Pascal"]
[Result "1/2-1/2"]
[WhiteElo "1994"]
[BlackElo "1898"]
[PlyCount "62"]
[EventDate "2012.??.??"]
[WhiteTeam "SC Erlangen 48/88 e.V. 2"]
[BlackTeam "SC Postbauer-Heng e.V. 1"]

1. d4 g6 2. c4 Bg7 3. Nc3 d6 4. e4 Nc6 5. d5 Nd4 6. Be3 e5 7. dxe6 Nxe6 8. Nf3
Ne7 9. Qd2 O-O 10. Bh6 Nc6 11. Bxg7 Nxg7 12. O-O-O Be6 13. h4 Ne5 14. Nxe5 dxe5
15. Qh6 Qf6 16. Qe3 c6 17. Be2 Qf4 18. Qxf4 exf4 19. Rd2 Rfd8 20. Rhd1 Rxd2 21.
Rxd2 Kf8 22. c5 Ke7 23. a3 Bb3 24. Bg4 Be6 25. Bd1 Bc4 26. b3 Bf1 27. Bg4 Ne6
28. Bxe6 fxe6 29. g4 fxg3 30. fxg3 Rf8 31. Nd1 e5 1/2-1/2

[Event "SC Postbauer-Heng e.V. 1-SC Erlangen 48/"]
[Site "?"]
[Date "2012.12.17"]
[Round "5.6"]
[White "Hoffmann, Ayar"]
[Black "Dürr, Florian"]
[Result "1/2-1/2"]
[WhiteElo "1839"]
[BlackElo "1974"]
[PlyCount "52"]
[EventDate "2012.??.??"]
[WhiteTeam "SC Postbauer-Heng e.V. 1"]
[BlackTeam "SC Erlangen 48/88 e.V. 2"]

1. e4 e6 2. Nf3 d5 3. Nc3 Nf6 4. e5 Nfd7 5. d4 c5 6. dxc5 Nc6 7. Bf4 Bxc5 8.
Bd3 a6 9. O-O f6 10. Qe2 O-O 11. exf6 Nxf6 12. Bg5 b5 13. a3 Qc7 14. Rae1 Bd7
15. Bh4 Rae8 16. Bg3 Bd6 17. Bxd6 Qxd6 18. Ne5 Qc5 19. h3 Bc8 20. Kh1 Nxe5 21.
Qxe5 Nd7 22. Qh5 Nf6 23. Qe5 Nd7 24. Qh5 Nf6 25. Qe5 Nd7 26. Qh5 Nf6 1/2-1/2

[Event "SC Postbauer-Heng e.V. 1-SC Erlangen 48/"]
[Site "?"]
[Date "2012.12.17"]
[Round "5.7"]
[White "Adelhütte, Dennis"]
[Black "Ceglar, Michael"]
[Result "1/2-1/2"]
[WhiteElo "1924"]
[BlackElo "1873"]
[PlyCount "80"]
[EventDate "2012.??.??"]
[WhiteTeam "SC Erlangen 48/88 e.V. 2"]
[BlackTeam "SC Postbauer-Heng e.V. 1"]

1. d4 f5 2. c4 Nf6 3. Nc3 g6 4. Nf3 Bg7 5. e3 O-O 6. Bd3 d6 7. O-O Nbd7 8. Ng5
Nb6 9. Qb3 e6 10. c5 Nbd5 11. cxd6 Qxd6 12. Bd2 h6 13. Nf3 a5 14. Ne5 Kh7 15.
Rac1 c6 16. Ne2 Ng4 17. Nxg4 fxg4 18. e4 Nc7 19. e5 Qd8 20. Qc2 Nd5 21. Bxg6+
Kh8 22. Qe4 Qh4 23. Rcd1 Bd7 24. Nf4 Nxf4 25. Bxf4 Be8 26. Bxe8 Raxe8 27. Bg3
Qg5 28. Qe3 Qg6 29. Qc3 Ra8 30. Qd3 Rf5 31. f3 Raf8 32. Qd2 gxf3 33. Rxf3 Rxf3
34. gxf3 Rxf3 35. Kg2 Qe4 36. Kg1 Qg4 37. Rf1 Rxf1+ 38. Kxf1 Qf3+ 39. Kg1 h5
40. Qxa5 Qd1+ 1/2-1/2

[Event "SC Postbauer-Heng e.V. 1-SC Erlangen 48/"]
[Site "?"]
[Date "2012.12.17"]
[Round "5.8"]
[White "Riexinger, Martin"]
[Black "Weiß, Markus"]
[Result "0-1"]
[WhiteElo "1846"]
[BlackElo "1864"]
[PlyCount "64"]
[EventDate "2012.??.??"]
[WhiteTeam "SC Postbauer-Heng e.V. 1"]
[BlackTeam "SC Erlangen 48/88 e.V. 2"]

1. d4 Nf6 2. Bg5 d6 3. f3 Nbd7 4. e4 c6 5. c4 e5 6. b3 Qa5+ 7. Bd2 Qb6 8. Be3
d5 9. Nc3 Bb4 10. Qd2 Qa5 11. Rc1 dxe4 12. dxe5 Nxe5 13. Bd4 O-O 14. f4 Neg4
15. Bxf6 Nxf6 16. Be2 Bf5 17. Kf1 Rad8 18. Qe3 Bc5 19. Qg3 Qa3 20. Rd1 Bd4 21.
Qg5 Bxc3 22. Qxf5 Rxd1+ 23. Kf2 Bd4+ 24. Kg3 Rxg1 25. c5 Rxh1 26. Bc4 Qxc5 27.
Qg5 Bf2+ 28. Kh3 Qe3+ 29. g3 Qf3 30. Qa5 Qg4+ 31. Kg2 Rxh2+ 32. Kf1 Qd1+ 0-1